| 000 | 00370nam a22001577a 4500 | ||
|---|---|---|---|
| 003 | OSt | ||
| 005 | 20240410102104.0 | ||
| 008 | 190128b xxu||||| |||| 00| 0 eng d | ||
| 020 | _a 8170088836 | ||
| 040 | _cIIMT UNIVERSITY | ||
| 100 | _aPUNMIA B.C. | ||
| 245 | _aSURVEYING VOL.II | ||
| 260 |
_aNEW DELHI _bLAXMI PUB _c2009 |
||
| 300 | _a658 | ||
| 942 |
_2ddc _c02 _e1ED |
||
| 999 |
_c44641 _d44641 |
||